Central Library OPAC University of Rajshahi

Exercises in logic / (Record no. 29994)

MARC details
000 -LEADER
fixed length control field 00627cam a22002411 4500
001 - CONTROL NUMBER
control field 29994
003 - CONTROL NUMBER IDENTIFIER
rucl marc code BD-RjUL
005 - DATE AND TIME OF LATEST TRANSACTION
control field 20211209051507.0
008 - FIXED-LENGTH DATA ELEMENTS--GENERAL INFORMATION
fixed length control field 140408r1948 enk 000 0 eng
035 ## - SYSTEM CONTROL NUMBER
System control number (BD-RjUL)30079
System control number (OCoLC)12744789
040 ## - CATALOGING SOURCE
Original cataloging agency DLC
Transcribing agency NBuU
Modifying agency DLC
-- BD-RjUL
Language of cataloging eng
041 ## - LANGUAGE CODE
Language code of text/sound track or separate title eng
082 ## - DEWEY DECIMAL CLASSIFICATION NUMBER
Classification number 160
Author mark and year BAE 1948
100 1# - MAIN ENTRY--PERSONAL NAME
Personal name Bartlett, F. C.
9 (RLIN) 91248
245 10 - TITLE STATEMENT
Title Exercises in logic /
Statement of responsibility, etc. by F. C. Bartlett.
260 ## - PUBLICATION, DISTRIBUTION, ETC. (IMPRINT)
Place of publication, distribution, etc. London :
Name of publisher, distributor, etc. Tutorial,
Date of publication, distribution, etc. [Impression 1948].
300 ## - PHYSICAL DESCRIPTION
Pagination 148 p. ;
Size 17 cm.
650 #0 - SUBJECT ADDED ENTRY--TOPICAL TERM
Topical term or geographic name as entry element Logic.
9 (RLIN) 91249
942 ## - ADDED ENTRY ELEMENTS (KOHA)
Source of classification or shelving scheme Dewey Decimal Classification
Koha item type Books
Holdings
Lost status Source of classification or shelving scheme Damaged status Not for loan Collection code Permanent Location Current Location Shelving location Date acquired Source of acquisition Cost, normal purchase price Total Checkouts Full call number Date last seen Copy number Koha item type
  Dewey Decimal Classification   Added to bundle Non-fiction Central Library, University of Rajshahi Central Library, University of Rajshahi Reading Room 28/10/1955 O. U. P. 4.10   160 BAE 1948 08/04/2014 C-1 Books